Svoboda podnikání v judikátech
Rozsudky Európskeho súdneho dvora zakazujú diskrimináciu podľa národnosti.
Enregistré dans:
| Auteur principal: | |
|---|---|
| Format: | Chapitre de livre |
| Langue: | tchèque |
| Sujets: | |
| Tags: |
Pas de tags, Soyez le premier à ajouter un tag!
|
MARC
| LEADER | 00000naa$a2200000$$$4500 | ||
|---|---|---|---|
| 001 | 0002389 | ||
| 005 | 20231004071318.5 | ||
| 041 | 0 | |a cze | |
| 044 | |a CZ | ||
| 245 | 1 | 0 | |a Svoboda podnikání v judikátech |c aut. Eugen Oehm |
| 520 | |a Rozsudky Európskeho súdneho dvora zakazujú diskrimináciu podľa národnosti. | ||
| 610 | 2 | 0 | |a Európska únia |
| 610 | 2 | 0 | |a súdnictvo |
| 610 | 2 | 0 | |a diskriminácia |
| 610 | 2 | 0 | |a národnosti |
| 610 | 2 | 0 | |a podnikanie |
| 610 | 2 | 0 | |a právo komunitárne |
| 100 | 1 | |a Oehm, Eugen | |